000 00557nam a2200193Ia 4500
003 IN-BaIIA
008 211028s9999 xx 000 0 eng d
020 _a3-540-10522-0
040 _cIIA Library
080 _a530.1(082.1)
_bTAP-48
245 0 _aOptical information processing
_cedited by S. H. Lee
260 _aBerlin
_bSpringer-Verlag
_c1981
300 _axi, 308p.
650 _aNASA Thesaurus
650 _aOptical processing
_912110
650 _aOptics
700 _aLee, S. H., ed.
_912111
942 _cBK
999 _c7074
_d7074